[Event "DEM U12w 2019"]
[Site "Willingen GER"]
[Date "2019.06.09"]
[Round "2"]
[White "Lieberwirth, Nele"]
[Black "Müller, Eva"]
[Result "1-0"]
[Termination "normal"]
[Board "19"]
[WhiteElo "1385"]
[BlackElo "1031"]
[PlyCount "125"]
[WhiteFideId "16259483"]
[BlackFideId "16286995"]
[EventCountry "GER"]
[EventRounds "9"]
[EventType "swiss"]
[EventDate "2019.06.08"]

1. e4 e5 2. Nf3 Nc6 3. Bc4 Bc5 4. c3 Nf6 5. d4 exd4 6. cxd4 Bb4+ 7. Nc3 Nxe4 8.
O-O Nd6 9. Re1+ Ne7 10. Ng5 Nxc4 11. Qb3 Bxc3 12. Qxc4 O-O 13. Qxc3 b6 14. Qd3
Ng6 15. Qf3 c6 16. Qh3 h6 17. Nf3 d5 18. Qg3 Bd7 19. Ne5 Re8 20. Bd2 Nxe5 21.
dxe5 Re6 22. f4 Rg6 23. Qf3 Bg4 24. Qf2 Bh3 25. g3 Qh4 26. Kh1 Qg4 27. Qe2 Qxe2
28. Rxe2 d4 29. Rf2 Bf5 30. Re1 Be6 31. f5 Bd5+ 32. Kg1 Rg4 33. f6 h5 34. Rf4
Rg6 35. fxg7 Kxg7 36. Rxd4 Rh8 37. Rh4 Bxa2 38. Bc3 Be6 39. Kf2 Rg4 40. Rxg4+
hxg4 41. Kg2 Kg6 42. Rf1 Bf5 43. e6 Rf8 44. e7 Re8 45. Re1 a5 46. Re5 a4 47.
Kf2 f6 48. Re3 b5 49. Bb4 Kf7 50. Ke2 Be6 51. Kd3 Rc8 52. Kd4 Rc7 53. e8=Q+
Kxe8 54. Rxe6+ Kf7 55. Rd6 Re7 56. Kd3 Kg6 57. Rxc6 Kg5 58. Bxe7 Kf5 59. Rxf6+
Ke5 60. Rd6 a3 61. bxa3 b4 62. axb4 Kf5 63. b5 1-0

[Event "DEM U12w 2019"]
[Site "Willingen GER"]
[Date "2019.06.09"]
[Round "2"]
[White "Irrgang, Natascha"]
[Black "Hengst, Sarah"]
[Result "1-0"]
[Termination "normal"]
[Board "20"]
[WhiteElo "1210"]
[BlackElo "958"]
[PlyCount "55"]
[WhiteFideId "16257545"]
[BlackFideId "16286030"]
[EventCountry "GER"]
[EventRounds "9"]
[EventType "swiss"]
[EventDate "2019.06.08"]

1. e4 e5 2. Nf3 Nf6 3. Nxe5 Qe7 4. Nc4 Nxe4 5. Ne3 g6 6. d3 Nd6 7. Be2 Bh6 8.
Nd5 Qd8 9. Bxh6 g5 10. Bg7 Rg8 11. Bf6 Qxf6 12. Nxf6+ Kf8 13. Nxg8 Kxg8 14. Nc3
Nc6 15. Ne4 Nf5 16. Nxg5 Nfd4 17. Bh5 f6 18. Nf7 d6 19. Nh6+ Kg7 20. Qd2 Be6
21. h3 Ne5 22. O-O-O Bxa2 23. f4 Nec6 24. f5 a5 25. Qf2 Kxh6 26. Qh4 Nxf5 27.
Qxf6+ Kxh5 28. g4# 1-0

[Event "DEM U12w 2019"]
[Site "Willingen GER"]
[Date "2019.06.11"]
[Round "4"]
[White "Bräutigam, Katerina"]
[Black "Zhou, Lepu Coco"]
[Result "0-1"]
[Termination "normal"]
[Board "1"]
[WhiteElo "1697"]
[BlackElo "1724"]
[WhiteClock "00:07:17"]
[BlackClock "00:35:07"]
[PlyCount "112"]
[WhiteFideId "16242980"]
[BlackFideId "16217136"]
[EventCountry "GER"]
[EventRounds "9"]
[EventType "swiss"]
[EventDate "2019.06.08"]

1. e4 {[%clk 1:30:59]} 1... e5 {[%clk 1:30:54]} 2. Nf3 {[%clk 1:31:24]} 2...
Nc6 {[%clk 1:31:16]} 3. Bb5 {[%clk 1:31:50]} 3... a6 {[%clk 1:31:40]} 4. Ba4 {
[%clk 1:32:13]} 4... Nf6 {[%clk 1:31:59]} 5. O-O {[%clk 1:32:28]} 5... Be7 {
[%clk 1:32:07]} 6. Re1 {[%clk 1:32:48]} 6... b5 {[%clk 1:32:23]} 7. Bb3 { [%clk
1:33:11]} 7... d6 {[%clk 1:32:40]} 8. c3 {[%clk 1:33:22]} 8... O-O { [%clk
1:32:57]} 9. h3 {[%clk 1:33:47]} 9... Na5 {[%clk 1:33:18]} 10. Bc2 { [%clk
1:34:10]} 10... c5 {[%clk 1:33:39]} 11. d4 {[%clk 1:34:30]} 11... Nd7 { [%clk
1:33:56]} 12. Nbd2 {[%clk 1:33:52]} 12... exd4 {[%clk 1:33:29]} 13. cxd4 {[%clk
1:34:03]} 13... Nc6 {[%clk 1:33:45]} 14. Nf1 {[%clk 1:33:05]} 14... Bf6 {[%clk
1:33:35]} 15. Be3 {[%clk 1:32:14]} 15... c4 {[%clk 1:32:00]} 16. Ng3 { [%clk
1:30:10]} 16... g6 {[%clk 1:32:11]} 17. Bf4 {[%clk 1:21:13]} 17... Nb6 { [%clk
1:30:00]} 18. Qd2 {[%clk 1:19:00]} 18... Bh8 {[%clk 1:25:49]} 19. Bg5 { [%clk
1:13:17]} 19... f6 {[%clk 1:21:45]} 20. Bh6 {[%clk 1:12:04]} 20... Re8 { [%clk
1:19:50]} 21. Rad1 {[%clk 1:05:16]} 21... a5 {[%clk 1:17:56]} 22. b3 { [%clk
1:03:54]} 22... a4 {[%clk 1:14:05]} 23. bxa4 {[%clk 0:57:04]} 23... Nxa4 {[%clk
1:14:05]} 24. Rb1 {[%clk 0:55:54]} 24... Qb6 {[%clk 0:53:54]} 25. d5 { [%clk
0:42:38]} 25... Nb8 {[%clk 0:47:56]} 26. Qb4 {[%clk 0:42:25]} 26... Qa6 { [%clk
0:37:39]} 27. Qxb5 {[%clk 0:38:31]} 27... Qxb5 {[%clk 0:37:32]} 28. Rxb5 {[%clk
0:38:44]} 28... Bd7 {[%clk 0:35:59]} 29. Rb4 {[%clk 0:37:20]} 29... c3 { [%clk
0:29:49]} 30. Bxa4 {[%clk 0:31:24]} 30... Rxa4 {[%clk 0:29:58]} 31. Rb3 { [%clk
0:24:29]} 31... Rc4 {[%clk 0:26:57]} 32. Bc1 {[%clk 0:19:40]} 32... Bg7 { [%clk
0:23:35]} 33. Re3 {[%clk 0:13:32]} 33... Rec8 {[%clk 0:20:22]} 34. Ne2 { [%clk
0:10:42]} 34... Bh6 {[%clk 0:19:20]} 35. Rd3 {[%clk 0:11:01]} 35... Bxc1 {[%clk
0:19:41]} 36. Nxc1 {[%clk 0:11:22]} 36... Na6 {[%clk 0:19:12]} 37. Re3 { [%clk
0:09:02]} 37... Nb4 {[%clk 0:17:32]} 38. Ne1 {[%clk 0:07:28]} 38... Ba4 { [%clk
0:16:30]} 39. Ra3 {[%clk 0:05:55]} 39... Bc2 {[%clk 0:15:01]} 40. f3 { [%clk
0:04:17]} 40... Bb1 {[%clk 0:14:45]} 41. Kf2 {[%clk 0:02:23]} 41... f5 { [%clk
0:11:30]} 42. Ra4 {[%clk 0:20:23]} 42... Nd3+ {[%clk 0:40:27]} 43. Nexd3 {[%clk
0:20:06]} 43... Rxa4 {[%clk 0:40:42]} 44. Re2 {[%clk 0:19:34]} 44... fxe4
{[%clk 0:40:42]} 45. fxe4 {[%clk 0:19:09]} 45... c2 {[%clk 0:37:39]} 46. Ne1
{[%clk 0:17:21]} 46... Bxa2 {[%clk 0:37:19]} 47. Nxc2 {[%clk 0:14:30]} 47...
Bb1 {[%clk 0:37:33]} 48. Ne3 {[%clk 0:09:11]} 48... Rxc1 {[%clk 0:37:51]} 49.
e5 {[%clk 0:08:56]} 49... dxe5 {[%clk 0:37:10]} 50. d6 {[%clk 0:08:36]} 50...
Rd4 {[%clk 0:37:31]} 51. Ng4 {[%clk 0:08:03]} 51... Rxd6 {[%clk 0:37:13]} 52.
Rxe5 {[%clk 0:08:19]} 52... Rc2+ {[%clk 0:35:52]} 53. Ke1 {[%clk 0:06:54]}
53... Rxg2 {[%clk 0:34:49]} 54. Rb5 {[%clk 0:07:00]} 54... Re6+ {[%clk 0:34:42]
} 55. Kf1 {[%clk 0:07:05]} 55... Bd3+ {[%clk 0:34:46]} 56. Kxg2 {[%clk 0:07:17]
} 56... Bxb5 {[%clk 0:35:07]} 0-1

[Event "DEM U12w 2019"]
[Site "Willingen GER"]
[Date "2019.06.11"]
[Round "4"]
[White "Sereda, Yaroslava"]
[Black "Roncea, Andreea-Alexandra"]
[Result "1-0"]
[Termination "normal"]
[Board "2"]
[WhiteElo "1626"]
[BlackElo "1558"]
[WhiteClock "00:17:36"]
[BlackClock "00:15:57"]
[PlyCount "81"]
[WhiteFideId "14178940"]
[BlackFideId "16233115"]
[EventCountry "GER"]
[EventRounds "9"]
[EventType "swiss"]
[EventDate "2019.06.08"]

1. e4 {[%clk 1:30:55]} 1... e5 {[%clk 1:30:50]} 2. Nf3 {[%clk 1:31:12]} 2...
Nc6 {[%clk 1:31:14]} 3. Bb5 {[%clk 1:31:15]} 3... a6 {[%clk 1:31:37]} 4. Ba4 {
[%clk 1:31:37]} 4... b5 {[%clk 1:31:55]} 5. Bb3 {[%clk 1:32:00]} 5... Bb7 {
[%clk 1:32:15]} 6. d4 {[%clk 1:31:06]} 6... d6 {[%clk 1:32:27]} 7. c3 { [%clk
1:29:19]} 7... Be7 {[%clk 1:32:27]} 8. O-O {[%clk 1:29:21]} 8... Nf6 { [%clk
1:32:30]} 9. Re1 {[%clk 1:29:05]} 9... O-O {[%clk 1:32:42]} 10. Nbd2 { [%clk
1:27:58]} 10... h6 {[%clk 1:32:21]} 11. Nf1 {[%clk 1:26:46]} 11... Re8 { [%clk
1:32:28]} 12. Ng3 {[%clk 1:26:44]} 12... Bf8 {[%clk 1:32:37]} 13. a4 { [%clk
1:26:19]} 13... Na5 {[%clk 1:31:30]} 14. Bc2 {[%clk 1:22:25]} 14... Nc4 { [%clk
1:30:32]} 15. b3 {[%clk 1:12:42]} 15... Nb6 {[%clk 1:30:12]} 16. axb5 { [%clk
1:11:13]} 16... axb5 {[%clk 1:30:10]} 17. Bb2 {[%clk 1:09:23]} 17... g6 { [%clk
1:25:05]} 18. Bd3 {[%clk 1:01:02]} 18... c6 {[%clk 1:21:46]} 19. Qc2 { [%clk
0:57:31]} 19... Bg7 {[%clk 1:17:30]} 20. Rxa8 {[%clk 0:52:47]} 20... Bxa8
{[%clk 1:17:17]} 21. c4 {[%clk 0:50:34]} 21... bxc4 {[%clk 1:16:07]} 22. bxc4 {
[%clk 0:49:32]} 22... Qc7 {[%clk 1:10:48]} 23. Rb1 {[%clk 0:40:47]} 23... Nfd7
{[%clk 0:55:57]} 24. dxe5 {[%clk 0:36:52]} 24... dxe5 {[%clk 0:53:52]} 25. c5 {
[%clk 0:36:56]} 25... Nc8 {[%clk 0:53:38]} 26. Ba3 {[%clk 0:35:45]} 26... Ne7 {
[%clk 0:51:21]} 27. Bc4 {[%clk 0:35:19]} 27... Rb8 {[%clk 0:47:09]} 28. Rxb8+ {
[%clk 0:34:32]} 28... Qxb8 {[%clk 0:44:42]} 29. Qd3 {[%clk 0:31:15]} 29... Nf8
{[%clk 0:40:49]} 30. Ba2 {[%clk 0:26:30]} 30... Qe8 {[%clk 0:32:15]} 31. Bb2 {
[%clk 0:23:56]} 31... Nd7 {[%clk 0:31:14]} 32. Qd6 {[%clk 0:21:09]} 32... Kh7 {
[%clk 0:22:54]} 33. Bxf7 {[%clk 0:18:22]} 33... Qxf7 {[%clk 0:22:59]} 34. Qxd7
{[%clk 0:18:39]} 34... Qf8 {[%clk 0:17:40]} 35. Bxe5 {[%clk 0:18:00]} 35...
Bxe5 {[%clk 0:17:53]} 36. Nxe5 {[%clk 0:18:23]} 36... Qf6 {[%clk 0:17:39]} 37.
Qd6 {[%clk 0:17:44]} 37... Qf8 {[%clk 0:18:01]} 38. Ne2 {[%clk 0:18:13]} 38...
g5 {[%clk 0:16:58]} 39. Nd4 {[%clk 0:18:27]} 39... Qe8 {[%clk 0:16:36]} 40. Qe6
{[%clk 0:17:27]} 40... Bb7 {[%clk 0:15:57]} 41. Nf5 {[%clk 0:17:36]} 1-0

[Event "DEM U12w 2019"]
[Site "Willingen GER"]
[Date "2019.06.11"]
[Round "4"]
[White "Petrosyan, Ani"]
[Black "Pohle, Saskia"]
[Result "0-1"]
[Termination "normal"]
[Board "3"]
[WhiteElo "1378"]
[BlackElo "1819"]
[WhiteClock "00:02:57"]
[BlackClock "00:04:53"]
[PlyCount "120"]
[WhiteFideId "16248015"]
[BlackFideId "16201604"]
[EventCountry "GER"]
[EventRounds "9"]
[EventType "swiss"]
[EventDate "2019.06.08"]

1. c4 {[%clk 1:30:57]} 1... c5 {[%clk 1:30:56]} 2. Nc3 {[%clk 1:30:50]} 2... g6
{[%clk 1:31:18]} 3. Nf3 {[%clk 1:28:39]} 3... Bg7 {[%clk 1:31:35]} 4. e3 {
[%clk 1:28:13]} 4... Nf6 {[%clk 1:31:53]} 5. Be2 {[%clk 1:28:09]} 5... O-O {
[%clk 1:31:51]} 6. O-O {[%clk 1:28:02]} 6... Nc6 {[%clk 1:31:22]} 7. d4 { [%clk
1:27:01]} 7... cxd4 {[%clk 1:31:37]} 8. exd4 {[%clk 1:25:52]} 8... d5 { [%clk
1:31:57]} 9. b3 {[%clk 1:22:47]} 9... b6 {[%clk 1:30:50]} 10. Be3 { [%clk
1:17:29]} 10... Bb7 {[%clk 1:29:54]} 11. Rc1 {[%clk 1:14:39]} 11... Rc8 { [%clk
1:27:32]} 12. Qc2 {[%clk 1:08:34]} 12... Nb4 {[%clk 1:23:53]} 13. Qb1 { [%clk
1:07:12]} 13... dxc4 {[%clk 1:21:54]} 14. bxc4 {[%clk 1:06:42]} 14... Nc6
{[%clk 1:21:29]} 15. Rfd1 {[%clk 1:06:13]} 15... Ba6 {[%clk 1:14:39]} 16. Nb5 {
[%clk 1:02:13]} 16... e6 {[%clk 1:12:14]} 17. Ne5 {[%clk 0:58:10]} 17... Qe7 {
[%clk 1:06:57]} 18. Nxc6 {[%clk 0:53:29]} 18... Rxc6 {[%clk 1:07:17]} 19. Bf3 {
[%clk 0:53:16]} 19... Rcc8 {[%clk 1:07:31]} 20. Bf4 {[%clk 0:52:41]} 20... Rfd8
{[%clk 1:06:07]} 21. Qb3 {[%clk 0:45:29]} 21... Nh5 {[%clk 0:56:11]} 22. Be3 {
[%clk 0:42:10]} 22... e5 {[%clk 0:55:41]} 23. d5 {[%clk 0:41:04]} 23... Bxb5 {
[%clk 0:51:09]} 24. Qxb5 {[%clk 0:39:57]} 24... Nf6 {[%clk 0:49:25]} 25. c5 {
[%clk 0:37:31]} 25... e4 {[%clk 0:44:05]} 26. d6 {[%clk 0:32:44]} 26... Qe6 {
[%clk 0:42:33]} 27. Be2 {[%clk 0:32:19]} 27... bxc5 {[%clk 0:36:20]} 28. Bxc5 {
[%clk 0:30:58]} 28... Bf8 {[%clk 0:27:32]} 29. Bc4 {[%clk 0:08:17]} 29... Qe5 {
[%clk 0:21:27]} 30. Bxa7 {[%clk 0:06:51]} 30... Qxb5 {[%clk 0:20:35]} 31. Bxb5
{[%clk 0:07:12]} 31... Rxc1 {[%clk 0:20:32]} 32. Rxc1 {[%clk 0:07:26]} 32...
Bxd6 {[%clk 0:20:13]} 33. a4 {[%clk 0:07:16]} 33... Bb4 {[%clk 0:18:50]} 34.
Ra1 {[%clk 0:05:56]} 34... Ba5 {[%clk 0:19:09]} 35. Kf1 {[%clk 0:05:12]} 35...
Nd5 {[%clk 0:17:55]} 36. Bc6 {[%clk 0:04:12]} 36... Nc3 {[%clk 0:17:24]} 37.
Be3 {[%clk 0:02:25]} 37... f5 {[%clk 0:15:18]} 38. Rc1 {[%clk 0:02:17]} 38...
Na2 {[%clk 0:14:32]} 39. Ra1 {[%clk 0:02:07]} 39... Nb4 {[%clk 0:13:32]} 40.
Bb5 {[%clk 0:02:14]} 40... Kg7 {[%clk 0:12:11]} 41. Ke2 {[%clk 0:01:56]} 41...
Nc2 {[%clk 0:10:44]} 42. Rd1 {[%clk 0:01:58]} 42... Rxd1 {[%clk 0:09:31]} 43.
Kxd1 {[%clk 0:02:13]} 43... Nxe3+ {[%clk 0:09:32]} 44. fxe3 {[%clk 0:02:38]}
44... Kf6 {[%clk 0:08:26]} 45. Kc2 {[%clk 0:03:04]} 45... Ke5 {[%clk 0:08:00]}
46. g3 {[%clk 0:03:16]} 46... g5 {[%clk 0:07:25]} 47. Be2 {[%clk 0:02:33]}
47... h6 {[%clk 0:03:52]} 48. Kb3 {[%clk 0:02:14]} 48... Bd2 {[%clk 0:03:53]}
49. Kc4 {[%clk 0:01:53]} 49... Bxe3 {[%clk 0:04:07]} 50. a5 {[%clk 0:02:11]}
50... f4 {[%clk 0:04:12]} 51. gxf4+ {[%clk 0:01:39]} 51... gxf4 {[%clk 0:04:34]
} 52. a6 {[%clk 0:01:57]} 52... f3 {[%clk 0:04:36]} 53. Bf1 {[%clk 0:02:18]}
53... Ba7 {[%clk 0:03:23]} 54. Kc3 {[%clk 0:01:42]} 54... e3 {[%clk 0:03:26]}
55. Kd3 {[%clk 0:01:51]} 55... Kf4 {[%clk 0:03:43]} 56. Kc2 {[%clk 0:01:36]}
56... e2 {[%clk 0:03:52]} 57. Bxe2 {[%clk 0:02:01]} 57... fxe2 {[%clk 0:04:16]}
58. Kd2 {[%clk 0:02:27]} 58... Kf3 {[%clk 0:04:38]} 59. Ke1 {[%clk 0:02:46]}
59... Ke3 {[%clk 0:04:34]} 60. h4 {[%clk 0:02:57]} 60... Bb6 {[%clk 0:04:53]}
0-1

[Event "DEM U12w 2019"]
[Site "Willingen GER"]
[Date "2019.06.11"]
[Round "4"]
[White "Peglau, Charis"]
[Black "Adelmeyer, Nelly"]
[Result "1/2-1/2"]
[Termination "normal"]
[Board "4"]
[WhiteElo "1514"]
[BlackElo "1420"]
[WhiteClock "00:44:25"]
[BlackClock "00:25:46"]
[PlyCount "99"]
[WhiteFideId "16219996"]
[BlackFideId "16203577"]
[EventCountry "GER"]
[EventRounds "9"]
[EventType "swiss"]
[EventDate "2019.06.08"]

1. Nf3 {[%clk 1:30:57]} 1... d5 {[%clk 1:30:53]} 2. g3 {[%clk 1:31:19]} 2...
Nf6 {[%clk 1:31:16]} 3. Bg2 {[%clk 1:31:41]} 3... Bf5 {[%clk 1:31:14]} 4. d4 {
[%clk 1:31:59]} 4... e6 {[%clk 1:31:35]} 5. O-O {[%clk 1:32:18]} 5... Be7 {
[%clk 1:31:20]} 6. Bf4 {[%clk 1:32:20]} 6... O-O {[%clk 1:31:33]} 7. Nbd2 {
[%clk 1:32:23]} 7... Nbd7 {[%clk 1:31:42]} 8. c4 {[%clk 1:32:25]} 8... c6 {
[%clk 1:30:52]} 9. Rc1 {[%clk 1:32:32]} 9... Rc8 {[%clk 1:28:13]} 10. a3 {
[%clk 1:32:09]} 10... Qb6 {[%clk 1:26:00]} 11. b4 {[%clk 1:30:59]} 11... a5 {
[%clk 1:23:20]} 12. c5 {[%clk 1:29:04]} 12... Qb5 {[%clk 1:22:00]} 13. Qb3 {
[%clk 1:26:37]} 13... axb4 {[%clk 1:20:24]} 14. axb4 {[%clk 1:25:20]} 14...
Qxe2 {[%clk 1:03:26]} 15. Rfe1 {[%clk 1:25:21]} 15... Qd3 {[%clk 1:02:01]} 16.
Rc3 {[%clk 1:23:10]} 16... Qa6 {[%clk 1:01:17]} 17. Bf1 {[%clk 1:23:20]} 17...
b5 {[%clk 1:01:13]} 18. Rcc1 {[%clk 1:11:35]} 18... Ra8 {[%clk 1:00:28]} 19.
Ra1 {[%clk 1:05:37]} 19... Qb7 {[%clk 1:00:40]} 20. Ne5 {[%clk 1:04:33]} 20...
Nxe5 {[%clk 0:48:38]} 21. Bxe5 {[%clk 1:03:42]} 21... Ne4 {[%clk 0:48:50]} 22.
Nxe4 {[%clk 1:02:20]} 22... Bxe4 {[%clk 0:49:03]} 23. f3 {[%clk 1:02:18]} 23...
Bg6 {[%clk 0:48:55]} 24. Qc3 {[%clk 0:51:43]} 24... Rxa1 {[%clk 0:37:17]} 25.
Rxa1 {[%clk 0:52:03]} 25... Ra8 {[%clk 0:37:41]} 26. Ra3 {[%clk 0:51:59]} 26...
Bd8 {[%clk 0:30:24]} 27. Qa1 {[%clk 0:50:49]} 27... Rxa3 {[%clk 0:30:45]} 28.
Qxa3 {[%clk 0:51:14]} 28... Bc2 {[%clk 0:30:03]} 29. Kf2 {[%clk 0:38:54]} 29...
Ba4 {[%clk 0:28:50]} 30. Bh3 {[%clk 0:38:26]} 30... Bc7 {[%clk 0:28:38]} 31. f4
{[%clk 0:36:56]} 31... Bxe5 {[%clk 0:28:12]} 32. fxe5 {[%clk 0:37:17]} 32...
Qe7 {[%clk 0:27:53]} 33. Qe3 {[%clk 0:36:02]} 33... f6 {[%clk 0:19:42]} 34. Kg2
34... Bc2 {[%clk 0:18:31]} 35. Qf4 {[%clk 0:24:37]} 35... Be4+ {[%clk 0:18:36]}
36. Kg1 {[%clk 0:24:04]} 36... fxe5 {[%clk 0:09:17]} 37. Qxe5 {[%clk 0:24:22]}
37... Kf7 {[%clk 0:09:32]} 38. Qf4+ {[%clk 0:22:07]} 38... Kg6 39. Qg4+ { [%clk
0:21:17]} 39... Kf7 {[%clk 0:04:39]} 40. Qf4+ {[%clk 0:21:38]} 40... Qf6 {[%clk
0:01:42]} 41. Qxf6+ {[%clk 0:14:59]} 41... Kxf6 {[%clk 0:02:04]} 42. Kf2 {[%clk
0:15:21]} 42... Bf5 {[%clk 0:01:44]} 43. Bg2 {[%clk 0:15:27]} 43... e5 { [%clk
0:01:41]} 44. Ke3 {[%clk 0:15:12]} 44... exd4+ {[%clk 0:00:44]} 45. Kxd4 {[%clk
0:15:33]} 45... g5 {[%clk 0:30:17]} 46. Bh1 {[%clk 0:44:18]} 46... Ke6 { [%clk
0:29:37]} 47. Bf3 {[%clk 0:44:11]} 47... Bg6 {[%clk 0:27:18]} 48. Bg4+ { [%clk
0:44:12]} 48... Bf5 {[%clk 0:26:42]} 49. Bf3 {[%clk 0:44:16]} 49... g4 { [%clk
0:25:46]} 50. Bg2 {[%clk 0:44:25]} 1/2-1/2

[Event "DEM U12w 2019"]
[Site "Willingen GER"]
[Date "2019.06.11"]
[Round "4"]
[White "Labuda, Annika"]
[Black "Trunz, Michelle"]
[Result "1/2-1/2"]
[Termination "normal"]
[Board "6"]
[WhiteElo "1251"]
[BlackElo "1505"]
[WhiteClock "00:53:25"]
[BlackClock "00:52:50"]
[PlyCount "76"]
[WhiteFideId "16261453"]
[BlackFideId "16227980"]
[EventCountry "GER"]
[EventRounds "9"]
[EventType "swiss"]
[EventDate "2019.06.08"]

1. e4 {[%clk 1:30:59]} 1... c5 {[%clk 1:30:56]} 2. Nf3 {[%clk 1:31:18]} 2... d6
{[%clk 1:31:20]} 3. d4 {[%clk 1:31:42]} 3... cxd4 {[%clk 1:31:46]} 4. Nxd4 {
[%clk 1:32:07]} 4... Nf6 {[%clk 1:32:09]} 5. Nc3 {[%clk 1:32:31]} 5... a6 {
[%clk 1:32:31]} 6. Be3 {[%clk 1:32:53]} 6... e5 {[%clk 1:32:52]} 7. Nb3 { [%clk
1:33:18]} 7... Be6 {[%clk 1:33:10]} 8. f3 {[%clk 1:33:39]} 8... b5 { [%clk
1:32:27]} 9. Qd2 {[%clk 1:33:55]} 9... Be7 {[%clk 1:32:23]} 10. O-O-O { [%clk
1:34:19]} 10... O-O {[%clk 1:32:43]} 11. g4 {[%clk 1:34:44]} 11... Qc7 { [%clk
1:32:12]} 12. g5 {[%clk 1:34:33]} 12... Nh5 {[%clk 1:31:47]} 13. f4 { [%clk
1:34:32]} 13... exf4 {[%clk 1:21:19]} 14. Bxf4 {[%clk 1:34:38]} 14... Nxf4
{[%clk 1:21:08]} 15. Qxf4 {[%clk 1:34:51]} 15... b4 {[%clk 1:20:14]} 16. Nd5
{[%clk 1:31:54]} 16... Bxd5 {[%clk 1:20:17]} 17. exd5 {[%clk 1:32:03]} 17...
Rc8 {[%clk 1:20:14]} 18. Bd3 {[%clk 1:32:18]} 18... a5 {[%clk 1:17:21]} 19. Nd2
{[%clk 1:18:22]} 19... Nd7 {[%clk 1:16:50]} 20. Qe4 {[%clk 1:12:42]} 20... Nf8
{[%clk 1:17:11]} 21. h4 {[%clk 1:11:49]} 21... Re8 {[%clk 1:16:57]} 22. Qc4
{[%clk 1:10:43]} 22... Qxc4 {[%clk 1:15:55]} 23. Nxc4 {[%clk 1:11:00]} 23...
Nd7 {[%clk 1:13:42]} 24. Rde1 {[%clk 1:09:12]} 24... Nc5 {[%clk 1:12:46]} 25.
Re3 {[%clk 1:07:45]} 25... Nxd3+ {[%clk 1:12:37]} 26. Rxd3 {[%clk 1:07:57]}
26... Bf8 {[%clk 1:12:45]} 27. Nb6 {[%clk 1:06:45]} 27... Ra7 {[%clk 1:12:18]}
28. Rhd1 {[%clk 0:59:55]} 28... Re4 {[%clk 1:09:42]} 29. Rd4 {[%clk 1:00:01]}
29... Re2 {[%clk 1:09:27]} 30. R4d2 {[%clk 0:59:29]} 30... Re8 {[%clk 1:09:41]}
31. Rd4 {[%clk 0:57:56]} 31... g6 {[%clk 1:06:25]} 32. Nc4 {[%clk 0:56:49]}
32... Ra6 {[%clk 1:05:22]} 33. Rf1 {[%clk 0:55:48]} 33... Bg7 {[%clk 1:05:23]}
34. Rdf4 {[%clk 0:56:04]} 34... Re7 {[%clk 1:05:26]} 35. Kd1 {[%clk 0:55:10]}
35... h5 {[%clk 1:02:03]} 36. Re1 {[%clk 0:53:00]} 36... Rxe1+ {[%clk 1:00:52]}
37. Kxe1 {[%clk 0:53:15]} 37... Kf8 {[%clk 1:00:16]} 38. Re4 {[%clk 0:53:25]}
38... Kg8 {[%clk 0:52:50]} 1/2-1/2

[Event "DEM U12w 2019"]
[Site "Willingen GER"]
[Date "2019.06.11"]
[Round "4"]
[White "Wilmink, Anna"]
[Black "Glowiak, Alexandra"]
[Result "1-0"]
[Termination "normal"]
[Board "7"]
[WhiteElo "1466"]
[BlackElo "1439"]
[WhiteClock "00:35:00"]
[BlackClock "00:39:11"]
[PlyCount "69"]
[WhiteFideId "16273680"]
[BlackFideId "16259530"]
[EventCountry "GER"]
[EventRounds "9"]
[EventType "swiss"]
[EventDate "2019.06.08"]

1. e4 {[%clk 1:30:56]} 1... e5 {[%clk 1:30:57]} 2. Nf3 {[%clk 1:31:17]} 2...
Nc6 {[%clk 1:31:23]} 3. Bc4 {[%clk 1:31:37]} 3... Bc5 {[%clk 1:31:41]} 4. c3 {
[%clk 1:31:50]} 4... Nf6 {[%clk 1:29:44]} 5. d4 {[%clk 1:31:55]} 5... exd4 {
[%clk 1:29:28]} 6. cxd4 {[%clk 1:32:18]} 6... Bb4+ {[%clk 1:29:35]} 7. Bd2 {
[%clk 1:32:35]} 7... Bxd2+ {[%clk 1:28:02]} 8. Nbxd2 {[%clk 1:32:55]} 8... d5 {
[%clk 1:27:12]} 9. exd5 {[%clk 1:33:04]} 9... Nxd5 {[%clk 1:27:28]} 10. Qb3 {
[%clk 1:32:36]} 10... Na5 {[%clk 1:25:36]} 11. Qa4+ {[%clk 1:32:45]} 11... c6 {
[%clk 1:25:25]} 12. Bxd5 {[%clk 1:32:06]} 12... Qxd5 {[%clk 1:25:35]} 13. O-O {
[%clk 1:31:35]} 13... O-O {[%clk 1:22:05]} 14. Rfe1 {[%clk 1:31:12]} 14... b6 {
[%clk 1:19:51]} 15. Re5 {[%clk 1:29:51]} 15... Qd7 {[%clk 1:19:09]} 16. Rae1 {
[%clk 1:28:55]} 16... Ba6 {[%clk 1:11:55]} 17. Re7 {[%clk 1:25:40]} 17... Qc8 {
[%clk 1:11:49]} 18. Qc2 {[%clk 1:22:05]} 18... Nb7 {[%clk 1:06:15]} 19. Ng5 {
[%clk 1:15:48]} 19... g6 {[%clk 1:05:59]} 20. Qe4 {[%clk 1:13:29]} 20... Nd6 {
[%clk 1:04:37]} 21. Qh4 {[%clk 1:09:40]} 21... h5 {[%clk 1:04:25]} 22. Qf4 {
[%clk 1:08:26]} 22... Nf5 {[%clk 1:04:04]} 23. Rc7 {[%clk 1:07:05]} 23... Qd8 {
[%clk 0:52:18]} 24. Rxc6 {[%clk 1:01:20]} 24... Bb5 {[%clk 0:51:09]} 25. Rc7 {
[%clk 0:58:49]} 25... Qxd4 {[%clk 0:49:17]} 26. Qxd4 {[%clk 0:51:06]} 26...
Nxd4 {[%clk 0:49:44]} 27. h3 {[%clk 0:45:45]} 27... Ne2+ {[%clk 0:45:32]} 28.
Kh2 {[%clk 0:43:58]} 28... Nf4 {[%clk 0:45:10]} 29. Re5 {[%clk 0:41:55]} 29...
Ba6 {[%clk 0:44:30]} 30. g3 {[%clk 0:39:30]} 30... Nd3 {[%clk 0:43:46]} 31.
Ree7 {[%clk 0:37:51]} 31... Nxb2 {[%clk 0:43:06]} 32. Nxf7 {[%clk 0:36:10]}
32... Kg7 {[%clk 0:39:13]} 33. Nd6+ {[%clk 0:34:23]} 33... Kh6 {[%clk 0:38:47]}
34. Rh7+ {[%clk 0:34:40]} 34... Kg5 {[%clk 0:39:11]} 35. N2e4# {[%clk 0:35:00]}
1-0